header

Today's isms : (Record no. 255469)

MARC details
000 -LEADER
fixed length control field 01143cam a2200301 a 4500
001 - CONTROL NUMBER
control field 11791463
003 - CONTROL NUMBER IDENTIFIER
control field OSt
005 - DATE AND TIME OF LATEST TRANSACTION
control field 20170210124457.0
008 - FIXED-LENGTH DATA ELEMENTS--GENERAL INFORMATION
fixed length control field 990917s2000 nju b 001 0 eng
010 ## - LIBRARY OF CONGRESS CONTROL NUMBER
LC control number 99048460
020 ## - INTERNATIONAL STANDARD BOOK NUMBER
International Standard Book Number 0130257141
040 ## - CATALOGING SOURCE
Original cataloging agency DLC
Transcribing agency DLC
Modifying agency DLC
050 00 - LIBRARY OF CONGRESS CALL NUMBER
Classification number JF51
Item number .E218 2000
082 00 - DEWEY DECIMAL CLASSIFICATION NUMBER
Classification number 320.5/09/04
Edition number 21
100 1# - MAIN ENTRY--PERSONAL NAME
Personal name Ebenstein, Alan O.
245 10 - TITLE STATEMENT
Title Today's isms :
Remainder of title socialism, capitalism, fascism, communism, libertarianism /
Statement of responsibility, etc Alan Ebenstein, William Ebenstein, Edwin Fogelman.
250 ## - EDITION STATEMENT
Edition statement 11th ed.
260 ## - PUBLICATION, DISTRIBUTION, ETC. (IMPRINT)
Place of publication, distribution, etc Upper Saddle River, N.J. :
Name of publisher, distributor, etc Prentice Hall,
Date of publication, distribution, etc c2000.
300 ## - PHYSICAL DESCRIPTION
Extent xi, 212 p. ;
Dimensions 23 cm.
504 ## - BIBLIOGRAPHY, ETC. NOTE
Bibliography, etc Includes bibliographical references and index.
650 #0 - SUBJECT ADDED ENTRY--TOPICAL TERM
Topical term or geographic name as entry element Comparative government.
Topical term or geographic name as entry element Comparative economics.
700 1# - ADDED ENTRY--PERSONAL NAME
Personal name Ebenstein, William,
Dates associated with a name 1910-
Personal name Fogelman, Edwin.
906 ## - LOCAL DATA ELEMENT F, LDF (RLIN)
a 7
b cbc
c orignew
d 1
e ocip
f 19
g y-gencatlg
942 ## - ADDED ENTRY ELEMENTS (KOHA)
Source of classification or shelving scheme Library of Congress Classification
Koha item type Long Loan Books
Holdings
Withdrawn status Lost status Source of classification or shelving scheme Damaged status Not for loan Home library Current library Date acquired Total Checkouts Total Renewals Full call number Barcode Date last seen Date checked out Price effective from Koha item type
    Library of Congress Classification     Rongo University Library Rongo University Library 10/02/2017 3 1 JF51 .E218 2000 20090979 25/02/2019 12/02/2019 10/02/2017 Long Loan Books

© 2026 Rongo University
Contact us: librarian | system librarian | Rongo university